000
00317nam a2200133Ia 4500
005
20260328104305.0
008
260328s9999||||xx |||||||||||||| ||und||
100
_a
Sienkiewicz, Enrique
245
0
_a
Quo Vadis? /
_c
Enrique Sienkiewicz
260
_b
Fernandez
300
_a
308 p.
650
_a
NOVELAS
942
_c
BK
999
_c
10744
_d
10744